Normale Ansicht MARC-Ansicht ISBD

Alle Wege bin ich abgegangen (Titelsatznr. 60980)

[ MARC ]
MARC-Details
000 -Satzkennung
Kontrollfeld mit fester Länge 01538pam a2200397 c 4500
001 - Kontrollnummer
Kontrollfeld 1028012985
003 - Kontrollnummer Identifier
Kontrollfeld DE-101
005 - Datum und Zeit der letzten Transaktion
Kontrollfeld 20201124121744.0
007 - Feld mit fester Länge zur physischen Beschreibung - Allgemeine Information
Kontrollfeld mit fester Länge tu
008 - Feld mit fester Länge zur physischen Beschreibung - Allgemeine Angaben
Kontrollfeld mit fester Länge 121120s2012 gw ||||| |||| 00||||ger
015 ## - Nummer der Nationalbibliografie
Nummer der Nationalbibliografie 13,A31
Gelöschte/Ungültige Nummer der Nationalbibliografie 12,N48
Quelle dnb
016 7# - Kontrollnummer der nationalbibliografischen Agentur
Quelle DE-101
Datensatzkontrollnummer 1028012985
020 ## - Internationale Standardbuchnummer
Internationale Standardbuchnummer 9783939960188
Bezugsbedingungen kart. : EUR 9.80 (DE), EUR 10.10 (AT), sfr 14.90 (freier Pr.)
024 3# - Anderer Standardidentifier
Standardnummer oder Code 9783939960188
035 ## - Systemkontrollnummer
System-Kontrollnummer (DE-599)DNB1028012985
035 ## - Systemkontrollnummer
System-Kontrollnummer (OCoLC)854919688
040 ## - Katalogisierungsquelle
Original-Katalogisierungsstelle 1145
Katalogisierungssprache ger
Übertragungsstelle DE-101
Bearbeitungsstelle STAFF
041 ## - Sprachcode
Sprachcode des Textes/der Tonspur oder des separaten Titels ger
044 ## - Ländercode der veröffentlichenden/herstellenden Stelle
ISO-Ländercode XA-DE-BB
082 74 - Notation nach der Dewey Decimal Classification
Notation 830
-- B
Zuweisende Stelle DE-101
Ausgabenummer 22sdnb
090 ## - LOCALLY ASSIGNED LC-TYPE CALL NUMBER (OCLC); LOCAL CALL NUMBER (RLIN)
Notation (OCLC) (R) ; Notation, CALL (RLIN) (NR) b
100 1# - Haupteintragung - Personenname
IDN des Normdatensatzes oder Standardnummer (DE-588)1019869445
-- https://d-nb.info/gnd/1019869445
-- (DE-101)1019869445
Personenname Glöckner-Neubert, Helga
Datumsangaben in Verbindung mit einem Namen 1938-2017
Funktionsbezeichnung Verfasser
Code für Beziehungskennzeichnung aut
245 10 - Titel
Titel Alle Wege bin ich abgegangen
Zusatz zum Titel Gedichte zum Weitertragen, zum Nachdenken und Verschenken ; [Gedichte für dich und mich]
Verfasserangabe etc. Helga Glöckner-Neubert
264 #1 - Produktion, Veröffentlichung, Distribution, Herstellung und Urheberrechtsvermerk
Herstellungs-, Veröffentlichungs- Vertriebs-, Erzeugungsort Jacobsdorf
Produzent, Herausgeber, Distributor, Hersteller Verl. Die Furt
Herstellungs-, Veröffentlichungs- Vertriebs-, Erzeugungsort Jacobsdorf
Produzent, Herausgeber, Distributor, Hersteller Versos-Verl.-Service
Datum der Herstellung, der Veröffentlichung, des Vertriebs oder des Urheberschutzvermerks 2012
300 ## - Physische Beschreibung
Umfang 135 S.
Maße 21 cm, 185 g
336 ## - Inhaltstyp
Inhaltstypterm Text
Inhaltstypcode txt
Quelle rdacontent
337 ## - Medientyp
Bezeichnung des Medientyps ohne Hilfsmittel zu benutzen
Medientypcode n
Quelle rdamedia
338 ## - Datenträgertyp
Datenträgertypbezeichnung Band
Datenträgertypcode nc
Quelle rdacarrier
653 ## - Indexierungsterm - Nicht normiert
Nicht-normierter Term (Produktform)Paperback / softback
653 ## - Indexierungsterm - Nicht normiert
Nicht-normierter Term (Produktform (spezifisch))Unsewn / adhesive bound
653 ## - Indexierungsterm - Nicht normiert
Nicht-normierter Term (VLB-WN)2151: Taschenbuch / Belletristik/Lyrik
655 #7 - Indexierungsterm - Genre/Form
IDN des Normdatensatzes oder Standardnummer (DE-101)1010836315
Genre/Form oder fokussierter Term Lyrik
Quelle der Ansetzung oder des Terms gatbeg
856 42 - Elektronische Adresse und Zugriff
Kontaktstelle für Hilfe beim Zugriff B:DE-101
Elektronisches Format application/pdf
URL <a href="https://d-nb.info/1028012985/04">https://d-nb.info/1028012985/04</a>
Spezifische Materialangaben Inhaltsverzeichnis
942 ## - Zusätzliche Felder (Koha)
Klassifikation oder Aufstellungssystematik Andere/Generische Klassifikation
Koha-Medientyp Monographien
Exemplare
Ausgeschieden Verloren Klassifikation oder Aufstellungssystematik Beschädigt Nicht entleihbar Heimatbibliothek Aufenthaltsbibliothek Aufstellungsort Erwerbungsdatum Kodierter Standort-Qualifier Anzahl Ausleihen Signatur Letzte Aktivität Exemplarnummer Preis gültig von Koha-Medientyp
    Andere/Generische Klassifikation     Stadtarchiv Frankfurt (Oder) | Archivbibliothek Stadtarchiv Frankfurt (Oder) | Archivbibliothek Magazin 24/11/2020 M   II: 4934 24/11/2020 142/2020 24/11/2020 Monographien